Návštěva u J. K. Tyla : z pamětí starého vlastence /

Hlavní autor: Turnovský, Josef Ladislav, 1838-1901
Další autoři: Šimůnek, Jaroslav
Jazyk: Čeština
Vydáno: Sobotka : Osvětová beseda, 1983
Fyzický popis: 1 svazek (nestránkováno)
Knihy
Uloženo v:
LEADER 00937nam a22002532i 4500
001 000293966
003 CZ BrMZK
005 20170103135016.0
007 ta
008 980105s1983 xr f cze d
040 |a BOA001  |b cze  |e rda 
100 1 |a Turnovský, Josef Ladislav,  |d 1838-1901  |7 jk01140469  |4 aut 
245 1 0 |a Návštěva u J. K. Tyla :  |b z pamětí starého vlastence /  |c Josef Ladislav Turnovský ; doslov Jaroslav Šimůnek 
264 1 |a Sobotka :  |b Osvětová beseda,  |c 1983 
300 |a 1 svazek (nestránkováno) 
336 |a text  |b txt  |2 rdacontent 
337 |a bez média  |b n  |2 rdamedia 
338 |a svazek  |b nc  |2 rdacarrier 
772 0 8 |i Samostatná příloha seriálu:  |t Zpravodaj Šrámkovy Sobotky,  |g 1983, číslo 4 
700 1 |a Šimůnek, Jaroslav  |4 waw 
910 |a BOA001  |b X-0911.156 
990 |a BK 
991 |b 201605 
996 6 |b 2619860221  |c X-0911.156  |l MZK  |r Sklad / do 24 hodin  |n 10  |w 000293966  |u 000010  |a 1  |e BOA001  |j MZK50  |s P